Statistics for Daylight - Taylor Swift (All Lyrics)

Click here to take the quiz!

General Stats

  • This quiz has been taken 55 times
    (37 since last reset)
  • The average score is 404 of 485

Answer Stats

Lyrics% Correct
a
100%
I
100%
I,
100%
(I
100%
it
100%
You
100%
you
100%
you,
100%
And
96%
and
96%
(And
96%
be
96%
but
96%
But
96%
love
96%
My
96%
my
96%
of
96%
of,
96%
all
92%
all)
92%
all,
92%
All
92%
(Black
92%
can
92%
daylight),
92%
(Daylight)
92%
daylight,
92%
(Daylight),
92%
daylight
92%
go
92%
go,
92%
It's
92%
it's
92%
me
92%
(Now
92%
now
92%
now,
92%
see
92%
the
92%
was
92%
as
88%
(Golden)
88%
golden
88%
(In
88%
in
88%
once
88%
red)
88%
that
88%
would
88%
at
84%
believed
84%
(Burnin'
84%
head)
84%
(Intertwined)
84%
mind)
84%
only
84%
wanna
84%
white)
84%
anything
80%
by
80%
cities
80%
don't
80%
else
80%
look
80%
never
80%
saw
80%
still
80%
(Things
80%
things
80%
think
80%
are
76%
cruel
76%
like
76%
Like
76%
lived
76%
long
76%
night
76%
Not
76%
so
76%
thought
76%
to
76%
will
76%
been
72%
dark
72%
every
72%
Everyone
72%
hate
72%
I'll
72%
I'm
72%
I've
72%
light
72%
same)
72%
twenty
72%
worse
72%
year
72%
afraid
68%
away)
68%
good
68%
goodbye
68%
Just
68%
just
68%
let
68%
looked
68%
many
68%
sleepin'
68%
truth
68%
air,
64%
Back
64%
back
64%
burning
64%
forth
64%
tell
64%
There
64%
what
64%
awake)
60%
became
60%
bed)
60%
breathed
60%
brighter
60%
from
60%
joke
60%
middle
60%
New
60%
smoke
60%
unforgiven
60%
wicked
60%
wide
60%
with
60%
York)
60%
York
60%
your
60%
because
56%
crossed
56%
down
56%
gotta
56%
into
56%
lines
56%
morning
56%
our
56%
out
56%
step
56%
this
56%
trusted
56%
unlucky
56%
butt
52%
daggers
52%
defined
52%
draw
52%
Maybe
52%
refused
52%
room
52%
settle
52%
single
52%
stormed
52%
town
52%
wounded
52%
Luck
48%
ran
48%
(Sneakin'
48%
wolves
48%
Clearin'
44%
draws
44%
(Ah)
40%
cloaks
40%
haunt
40%
Threw
40%
Or
32%

Score Distribution

Percentile by Number Answered

Percent of People with Each Score

Your Score History

You have not taken this quiz since the last reset